| 000 | 004450000a22001450004500 | ||
|---|---|---|---|
| 090 |
_aAR _b02494 |
||
| 245 | 1 | 0 | _aGenealogy of twentieth-century systematic mammalogists in North America: the descendants of Joseph Grinnell |
| 650 | 1 | 4 |
_aSistemática animal _992968 |
| 650 | 1 | 4 |
_aMamíferos _992510 |
| 650 | 1 | 4 |
_aBiología _992 |
| 041 | 0 | _aInglés | |
| 100 | 1 |
_aJones, J. Knox _99498 |
|
| 942 | _cARTICULO | ||
| 773 | 1 |
_tAGRO Vereda _3701 _q48-56 _d1950? |
|
| 999 |
_c11561 _d11561 |
||